Ville de Haute-Savoie en images - Statistiques

Statistiques générales
  • Ce quiz a été pris 329 fois
  • Le résultat moyen est 11 sur 18
Statistiques - réponses
Par images Hint Réponse % Correct
A Annecy
100%
C-M-B Chamonix-Mont-Blanc
90%
T-L-B Thonon-les-Bains
88%
A Annemasse
80%
É-L-B Évian-les-Bains
79%
B Bonneville
69%
C Cluses
68%
S-J-E-G Saint-Julien-en-Genevois
65%
L R-S-F La Roche-sur-Foron
62%
A Abondance
61%
S-G-L-B Saint-Gervais-les-Bains
58%
S Sallanches
52%
L G B Le Grand Bornand
51%
R Rumilly
48%
M Megève
36%
S Sciez
24%
A-S-C Alby-sur-Chéran
19%
F-S Faverges-Seythenex
16%
Aucun quiz correspondant
Distribution des résultats
% des personnes avec chaque résultat
Percentile par nombre de réponses
Votre historique - résultats
Vous n’avez pas pris ce quiz